Statistics for Taylor Swift 39

Click here to take the quiz!

General Stats

  • This quiz has been taken 10 times
    (8 since last reset)
  • The average score is 288 of 423

Answer Stats

Answer% Correct
a
100%
all
100%
and
100%
for
100%
how
100%
I
100%
I'm
100%
in
100%
is
100%
know
100%
of
100%
so
100%
to
100%
was
100%
what
100%
when
100%
why
100%
ever
83%
go
83%
I'd
83%
if
83%
it
83%
me
83%
my
83%
nothing
83%
on
83%
that
83%
the
83%
there
83%
this
83%
we
83%
were
83%
because
67%
can't
67%
first
67%
had
67%
last
67%
love
67%
saw
67%
see
67%
sorry
67%
than
67%
then
67%
think
67%
time
67%
you
67%
your
67%
ain't
50%
alright
50%
arms
50%
around
50%
back
50%
been
50%
but
50%
change
50%
cry
50%
December
50%
didn't
50%
dreaming
50%
family
50%
freedom
50%
from
50%
front
50%
gave
50%
glad
50%
held
50%
how's
50%
left
50%
life
50%
loved
50%
made
50%
make
50%
maybe
50%
mind
50%
mindless
50%
mine
50%
miss
50%
missing
50%
night
50%
out
50%
own
50%
pride
50%
probably
50%
roses
50%
saying
50%
September
50%
standing
50%
still
50%
swallowing
50%
tell
50%
thinking
50%
turn
50%
turns
50%
up
50%
wishful
50%
you've
50%
about
33%
again
33%
burned
33%
busier
33%
came
33%
cold
33%
dark
33%
die
33%
fall
33%
good
33%
goodbye
33%
guard
33%
haven't
33%
leaving
33%
playing
33%
realized
33%
right
33%
seen
33%
skin
33%
sleeping
33%
small
33%
smile
33%
staying
33%
swear
33%
sweet
33%
talk
33%
tanned
33%
them
33%
understand
33%
weather
33%
while
33%
wishing
33%
work
33%
beautiful
17%
birthday
17%
call
17%
chain
17%
crept
17%
days
17%
door
17%
fear
17%
into
17%
laughing
17%
myself
17%
passed
17%
passenger
17%
side
17%
summer
17%
these
17%
times
17%
watched
17%

Score Distribution

Percentile by Number Answered

Percent of People with Each Score

Your Score History

You have not taken this quiz since the last reset